Statistics for Destiny the Game 8 - Legendary Weapon Perks

Click here to take the quiz!

General Stats

  • This quiz has been taken 1,248 times
    (1,157 since last reset)
  • The average score is 19 of 30

Answer Stats

Hint Answer % Correct
Radar stays active while aiming down this weapon's sightsThird Eye
96%
Aiming this weapon increases its effective rangeRangefinder
93%
Precision kills with this weapon cause the target to explodeFirefly
89%
When stowed for a short time, this weapon is automatically reloaded from your reservesCocoon
87%
Precision kills with this weapon dramatically increase reload speedOutlaw
85%
Kills with this weapon reduce the cooldown of your grenadeGrenadier
84%
This weapon gains better target acquisitionHidden Hand
83%
Rapidly landing precision hits will return one round to the magazineTriple Tap
81%
One random bullet in the magazine causes considerable bonus damageLuck in the Chamber
79%
It's easier to aim under fire using this weaponUnflinching
73%
When held, this weapon grants +2 character agilityLightweight
73%
Improved accuracy while airborneIcarus
73%
Reloading this weapon has a chance to grant a larger than normal magazineClown Cartridge
70%
Kills with this weapon while critically wounded have a chance to start regenerating healthLife Support
67%
Increases the reload speed for this weapon when its mag is emptySpray and Play
65%
Causing damage with this weapon increases its stabilityZen Moment
65%
Readying this weapon grants a brief period of bonus accuracyHot Swap
64%
Kills with this weapon grant bonus damage for a short timeCrowd Control
63%
Quick unassisted kills with this weapon reduce grenade and melee cooldownArmy of One
62%
This weapon grows more accurate the longer is it firedPersistence
62%
This weapon gains bonus damage when three or more enemies are in close proximitySurrounded
54%
Magazine is refunded if all shots fired are precision killsPerfectionist
53%
Increases sword ammo capacityScabbard
53%
This weapon gains improved range and handling for a short time after revivalExhumed
43%
This weapon gains increased reload and handling when two or more enemies are in close proximityDanger Close
43%
Kills with this weapon have the chance to grant bonus reserve ammoPerformance Bonus
41%
This weapon gains a boost to range and handling when health is lowUnderdog
40%
This weapon's magazine will be refilled whenever you unleash your superReplenish
39%
Chance to refill this weapon's magazine when critically woundedRescue Mag
34%
Chance to return a portion of the magazine after an assistPartial Refund
31%

Score Distribution

Percentile by Number Answered

Percent of People with Each Score

Your Score History

You have not taken this quiz since the last reset